Manual de la provincia de Cádiz (Record no. 155868)
[ view plain ]
| 000 -LEADER | |
|---|---|
| campo de control de longitud fija | 00792nam a22001815i 4500 |
| 001 - NÚMERO DE CONTROL | |
| campo de control | 155868 |
| 003 - IDENTIFICADOR DE NÚMERO DE CONTROL | |
| campo de control | ES-MaACL |
| 005 - FECHA Y HORA DE LA ÚLTIMA TRANSACCIÓN | |
| campo de control | 20230906210230.0 |
| 008 - DATOS DE LONGITUD FIJA--INFORMACIÓN GENERAL | |
| campo de control de longitud fija | 981201s1847 sp a |||| | spa d |
| 040 ## - FUENTE DE CATALOGACIÓN | |
| Centro catalogador/agencia de origen | CCPB | B |
| Lengua de catalogación | spa |
| Centro/agencia transcriptor | CCPB | B |
| 100 1# - ENTRADA PRINCIPAL--NOMBRE DE PERSONA | |
| Nombre de persona | Igartuburu, Luis de. |
| 9 (RLIN) | 128149 |
| 245 10 - MENCIÓN DEL TÍTULO | |
| Título | Manual de la provincia de Cádiz |
| Resto del título | : trata de sus límites, su categoría, sus divisiones en lo civil, judicial, militar i eclesiástico, de su distribucion para ... / |
| Mención de responsabilidad, etc. | por Luis de Igartuburu. |
| 260 ## - PUBLICACIÓN, DISTRIBUCIÓN, ETC. | |
| Lugar de publicación, distribución, etc. | Cádiz : |
| Nombre del editor, distribuidor, etc. | Imprenta, Librería y Litografía de la Revista Médica, á cargo de Vicente Caruana, |
| Fecha de publicación, distribución, etc. | 1847. |
| 300 ## - DESCRIPCIÓN FÍSICA | |
| Extensión | [3] h., VI, 316 p. : |
| Otras características físicas | il. ; |
| Dimensiones | 18 cm. |
| 651 #4 - PUNTO DE ACCESO ADICIONAL DE MATERIA--NOMBRE GEOGRÁFICO | |
| Nombre geográfico | Cádiz (Provincia)- |
| Subdivisión general | Descripción. |
| 9 (RLIN) | 153463 |
| 752 ## - ENTRADA AGREGADA--NOMBRE JERÁRQUICO DEL LUGAR | |
| País o entidad superior | España - |
| Ciudad | Cádiz |
| 852 ## - LOCALIZACIÓN | |
| Ubicación | ES-MaACL |
| Número de control de estantería | D-684 |
| Nota libre | -- Enc. hol. |
| Estatus retirado | Estado de pérdida | Estado de daño | No para préstamo | Colección | Biblioteca de origen | Biblioteca actual | Ubicación en estantería | Fecha de adquisición | Fuente de adquisición | Total de préstamos | Signatura topográfica completa | Código de barras | Visto por última vez | Precio de reemplazo | Tipo de ítem Koha |
|---|---|---|---|---|---|---|---|---|---|---|---|---|---|---|---|
| Libros del s. XIX | Biblioteca del Ateneo de Madrid | Biblioteca del Ateneo de Madrid | Sala Valle Inclán | 17/01/2008 | D-684 | 901163050 | 23/02/2023 | 23/02/2023 | Libro impreso antiguo |
